Territori della Repubblica di Venezia nel 1789 su una Mappa - Statistics

Statistiche generali
  • Questo quiz è stato fatto 96 volte
  • Il punteggio medio è 10 su 21
Risposte nella Mappa
Le risposte nella mappa del quiz sottostante sono codificate secondo una scala di colori dal rosso al verde in base alla % di persone che hanno risposto correttamente.
 
Statistiche sulle risposte
Risposta % Corretto
Verona
93%
Istria
87%
Brescia
83%
Padova
81%
Treviso
81%
Bergamo
80%
Vicenza
80%
Belluno
71%
Dalmazia
71%
Patria del Friuli
63%
Crema
43%
Pordenone
36%
Possedimenti Ionici
26%
Polesine
24%
Bassano
23%
Cadore
23%
Feltre
19%
Dogado
14%
Conegliano
13%
Cividale
7%
Cologna
6%
Nessun quiz corrispondente trovato
Distribuzione punteggi
Percentuale di utenti per punteggio
Percentile per numero di risposta
I tuoi punteggi nel tempo
Non hai fatto questo quiz